书目信息 |
| 题名: |
中学化学实验
|
|
| 作者: | 李钟歧 , 石启瑞 编 | |
| 分册: | ||
| 出版信息: | 呼和浩特 内蒙古人民出版社 1980 |
|
| 页数: | 364页 | |
| 开本: | 19cm | |
| 丛书名: | ||
| 单 册: | ||
| 中图分类: | G634.8 , G633.8 | |
| 科图分类: | ||
| 主题词: | 化学实验--中学--教学参考资料 , 教育--各级 | |
| 电子资源: | ||
| ISBN: | ||
| 000 | 00741nam0 2200277 45 | |
| 001 | 0180001320 | |
| 005 | 20040910081221.4 | |
| 010 | @dCNY0.98 | |
| 091 | @a7089.166 | |
| 100 | @a19950614d1980 em y0chiy0121 ea | |
| 101 | 0 | @achi |
| 102 | @aCN@b150000 | |
| 105 | @ay z 000yy | |
| 106 | @ar | |
| 200 | 10 | @a中学化学实验@Azhong xue hua xue shi yan@f李钟歧,石启瑞编 |
| 210 | @a呼和浩特@c内蒙古人民出版社@d1980 | |
| 215 | @a364页@d19cm | |
| 606 | @a化学实验@x中学@x教学参考资料 | |
| 606 | 0 | @a教育@x各级 |
| 690 | @aG634.8@v3 | |
| 690 | @aG633.8@v3 | |
| 701 | 0 | @a李钟歧@Ali zhong qi@4编 |
| 701 | 0 | @a石启瑞@Ashi qi rui@4编 |
| 801 | 0 | @aCN@b上海图书馆@c20040428 |
| 801 | 2 | @aCN@bNLC@c20040428 |
| 905 | @dG633.8@e20@f1@b86405 | |
| 中学化学实验/李钟歧,石启瑞编.-呼和浩特:内蒙古人民出版社,1980 |
| 364页;19cm |
| ISBN :CNY0.98 |
| ● |
| 相关链接 |
|
|
|
|
正题名:中学化学实验
索取号:G633.8/20
 
预约/预借
| 序号 | 登录号 | 条形码 | 馆藏地/架位号 | 状态 | 备注 |
| 1 | 0086402 | 000611065 | 密集书库/ [索取号:G633.8/20] | 在馆 | |
| 2 | 0086403 | 000611074 | 密集书库/ [索取号:G633.8/20] | 在馆 | |
| 3 | 0086404 | 000611127 | 密集书库/ [索取号:G633.8/20] | 在馆 | |
| 4 | 0086405 | 001951551 | 密集书库/ [索取号:G633.8/20] | 在馆 | |
| 5 | 0086406 | 000611056 | 第一样本阅览室/ [索取号:G633.8/20] | 在馆 |